Obálka Náhled e-knihy:
PDF Epub
Pro půjčování e-knih musíte být přihlášeni.
Jak si půjčit online?

Impérium /

Byla jsem šťastná. Měla jsem život, který dával smysl. A měla jsem se vdávat. Dva dny před svatbou se všechno zlomilo.  Neutekla jsem před bolestí –  utekla jsem před lží. Mexiko mělo být jen krátkým únikem. Nádechem před tím, než se znovu postavím na nohy. Stalo se něčím jiným. Zt...

Celý popis

Uloženo v:
Hlavní autor: Jell, Marcy (Autor)
Médium: E-kniha
Jazyk:Czech
Vydáno: Praha : Nakladatelství Solis s.r.o., 2026
Tagy:
Žádné tagy
LEADER 01758nam a22002297i 4500
001 297574
007 ta
008 260414s2026 xr ||||| |||| 00| 0 cze d
020 |a 9990004261839 
044 |a xr 
100 1 |a  Jell, Marcy  |4 aut 
245 1 0 |a Impérium /  |c  Jell, Marcy 
264 1 |a Praha :  |b Nakladatelství Solis s.r.o.,  |c 2026 
300 |a 1 online zdroj (257 stran) 
336 |a text  |b txt  |2 rdacontent 
337 |a bez média  |b n  |2 rdamedia 
338 |a online zdroj  |b cr  |2 rdacarrier 
520 2 |a Byla jsem šťastná. Měla jsem život, který dával smysl. A měla jsem se vdávat. Dva dny před svatbou se všechno zlomilo.  Neutekla jsem před bolestí –  utekla jsem před lží. Mexiko mělo být jen krátkým únikem. Nádechem před tím, než se znovu postavím na nohy. Stalo se něčím jiným. Ztratila jsem svobodu dřív, než jsem pochopila, že o ni někdo stojí. V cizí zemi, kde lidský život znamenal jen hodnotu, jsem přestala být ženou. Stala jsem se nástrojem. Něčím, co se dá použít. Každé slovo, které jsem znala, mě mohlo  zachránit –  nebo zničit. Každý den byl vyjednáváním o  přežití. A čím hlouběji jsem se propadala, tím blíž jsem se dostávala k muži, kterému neříkali jménem. Říkali mu El Diablo. 
910 |a RBIT002 
998 |d 426183  |a https://core.palmknihy.cz/api/books/426183/cover?tdfdpc  |b https://core.palmknihy.cz/api/books/426183/cover/400?tdfdpc  |c https://core.palmknihy.cz/api/books/426183/cover/50?tdfdpc  |e 2032-12-31  |g 257  |i 9990004261839  |j https://core.palmknihy.cz/api/books/426183/preview.epub  |k https://core.palmknihy.cz/api/books/426183/preview.pdf  |l   |q 49  |r 1  |s https://www.palmknihy.cz/kniha/426183  |t ebook  |y 2026  |z 1 
999 |d 297572